| 000 | 00663nam a2200169 4500 | ||
|---|---|---|---|
| 005 | 20260330184800.0 | ||
| 008 | 210809b ||||| |||| 00| 0 eng d | ||
| 022 | _a10422587 | ||
| 082 | _aDPer 658.405 En86 September-November 2015 v. 39 n. 5 | ||
| 100 |
_aDeNisi, Angelo S. _915453 |
||
| 245 |
_aSome further thoughts on the entrepreneurial personality / _cAngelo S. DeNisi. |
||
| 260 |
_aHoboken, NJ : _bWiley Subscription Services, Inc. , _cSeptember 2015. |
||
| 300 |
_aVolume 39, pages 997-1004 ; _c25 cm. |
||
| 500 | _aEntrepreneurship Theory and Practice, vol. 39, no. 5, pages 997-1004, September 2025. | ||
| 650 |
_aBusiness. _943430 |
||
| 942 |
_2ddc _cPER |
||
| 999 |
_c16208 _d16208 |
||